| 000 | 00481nam a22001697a 4500 | ||
|---|---|---|---|
| 005 | 20251108174522.0 | ||
| 008 | 250721s2007 xx 000 0 ara d | ||
| 082 | 1 | 4 | _a410/عبا |
| 100 | 1 |
_aعباس، فضل حسن _eمؤلف |
|
| 245 | 1 | 0 | _aأساليب البيان / |
| 264 | 1 |
_aعمان : _bدار النفائس للنشر و التوزيع، _c2007. |
|
| 300 | _a399 ص. | ||
| 650 | 1 | 7 | _aالبلاغه |
| 650 | 1 | 7 | _aالبيان |
| 942 |
_2ddc _cBK |
||
| 999 |
_c111237 _d111237 |
||